[Event "DVM U20w 2019"]
[Site "Braunschweig GER"]
[Date "2019.12.29"]
[Round "6"]
[White "Berelowitsch, Dana"]
[Black "Möller, Hannah"]
[Result "1-0"]
[Termination "normal"]
[Board "1.3"]
[WhiteElo "1792"]
[BlackElo "1832"]
[WhiteClock "00:11:04"]
[BlackClock "00:41:16"]
[WhiteTeam "Schachgesellschaft Solingen e. V."]
[BlackTeam "SV Lingen"]
[PlyCount "71"]
[WhiteFideId "12977144"]
[BlackFideId "1270514"]
[EventCountry "GER"]
[EventRounds "7"]
[EventType "team-swiss"]
[EventDate "2019.12.26"]

1. e4 {[%clk 1:30:58]} g6 {[%clk 1:30:55]} 2. d4 {[%clk 1:31:23]} Bg7 {[%clk
1:31:21]} 3. Nc3 {[%clk 1:31:45]} d6 {[%clk 1:31:26]} 4. f4 {[%clk 1:32:01]} c6
{[%clk 1:30:01]} 5. Nf3 {[%clk 1:31:46]} Nf6 {[%clk 1:28:13]} 6. Bd3 {[%clk
1:31:20]} Nbd7 {[%clk 1:27:48]} 7. O-O {[%clk 1:30:42]} O-O {[%clk 1:28:05]} 8.
e5 {[%clk 1:25:12]} dxe5 {[%clk 1:26:10]} 9. fxe5 {[%clk 1:19:56]} Nd5 {[%clk
1:26:15]} 10. Ng5 {[%clk 1:08:49]} N7b6 {[%clk 1:24:46]} 11. Nce4 {[%clk
0:59:25]} Nc7 {[%clk 1:24:24]} 12. c3 {[%clk 0:58:47]} Ne6 {[%clk 1:23:21]} 13.
Nxe6 {[%clk 0:52:16]} Bxe6 {[%clk 1:23:40]} 14. Ng5 {[%clk 0:52:10]} Bd7 {[%clk
1:22:32]} 15. Qb3 {[%clk 0:48:22]} e6 {[%clk 1:20:40]} 16. Ne4 {[%clk 0:48:06]}
Qc7 {[%clk 1:19:17]} 17. Bg5 {[%clk 0:46:00]} Nd5 {[%clk 1:11:14]} 18. Kh1
{[%clk 0:43:03]} h6 {[%clk 1:07:39]} 19. Bh4 {[%clk 0:40:28]} g5 {[%clk
1:04:18]} 20. Bg3 {[%clk 0:40:19]} Qb6 {[%clk 0:58:01]} 21. Qa3 {[%clk
0:30:00]} f5 {[%clk 0:56:40]} 22. exf6 {[%clk 0:28:18]} Nxf6 {[%clk 0:56:37]}
23. Be5 {[%clk 0:20:39]} Qd8 {[%clk 0:55:55]} 24. Bd6 {[%clk 0:18:25]} Rf7
{[%clk 0:51:59]} 25. Be5 {[%clk 0:17:09]} Rf8 {[%clk 0:51:54]} 26. Nxf6+ {[%clk
0:16:32]} Bxf6 {[%clk 0:52:08]} 27. Bxf6 {[%clk 0:16:46]} Rxf6 {[%clk 0:52:26]}
28. Qd6 {[%clk 0:16:29]} Rxf1+ {[%clk 0:47:55]} 29. Rxf1 {[%clk 0:16:50]} Rc8
{[%clk 0:47:51]} 30. Qe5 {[%clk 0:15:06]} Qe7 {[%clk 0:42:35]} 31. Rf6 {[%clk
0:14:49]} Be8 {[%clk 0:42:14]} 32. Rxh6 {[%clk 0:12:54]} Qg7 {[%clk 0:40:22]}
33. Qxe6+ {[%clk 0:13:08]} Kf8 {[%clk 0:40:40]} 34. Rf6+ {[%clk 0:12:52]} Bf7
{[%clk 0:40:53]} 35. Qxc8+ {[%clk 0:12:50]} Ke7 {[%clk 0:41:16]} 36. Qc7+
{[%clk 0:11:04]} 1-0

[Event "DVM U20w 2019"]
[Site "Braunschweig GER"]
[Date "2019.12.29"]
[Round "6"]
[White "Möller, Lisa-Marie"]
[Black "Köhler, Inken"]
[Result "1/2-1/2"]
[Termination "normal"]
[Board "2.1"]
[WhiteElo "1934"]
[BlackElo "1998"]
[WhiteClock "00:19:15"]
[BlackClock "00:22:02"]
[WhiteTeam "Düsseldorfer Schachklub 14/25 e. V."]
[BlackTeam "TuRa Harksheide von 1945 Norderstedt e.V."]
[PlyCount "103"]
[WhiteFideId "12959367"]
[BlackFideId "12929301"]
[EventCountry "GER"]
[EventRounds "7"]
[EventType "team-swiss"]
[EventDate "2019.12.26"]

1. e4 {[%clk 1:30:58]} d6 {[%clk 1:30:54]} 2. d4 {[%clk 1:31:21]} Nf6 {[%clk
1:31:19]} 3. Nc3 {[%clk 1:31:27]} Nbd7 {[%clk 1:31:41]} 4. Be3 {[%clk 1:31:29]}
e5 {[%clk 1:31:43]} 5. f3 {[%clk 1:31:17]} Be7 {[%clk 1:31:37]} 6. Nge2 {[%clk
1:31:33]} O-O {[%clk 1:31:24]} 7. Qd2 {[%clk 1:31:42]} c6 {[%clk 1:30:48]} 8.
g4 {[%clk 1:29:52]} b5 {[%clk 1:26:35]} 9. Ng3 {[%clk 1:26:57]} exd4 {[%clk
1:18:40]} 10. Bxd4 {[%clk 1:26:22]} Ne5 {[%clk 1:18:30]} 11. Qf2 {[%clk
1:16:20]} b4 {[%clk 1:15:11]} 12. Nb1 {[%clk 1:06:33]} c5 {[%clk 1:12:54]} 13.
Bxe5 {[%clk 1:04:16]} dxe5 {[%clk 1:13:17]} 14. Nd2 {[%clk 1:01:33]} Be6 {[%clk
1:09:19]} 15. Bc4 {[%clk 0:59:27]} Qd7 {[%clk 1:02:29]} 16. O-O-O {[%clk
0:54:01]} Bxc4 {[%clk 1:00:27]} 17. Nxc4 {[%clk 0:54:14]} Qe6 {[%clk 1:00:45]}
18. Qe2 {[%clk 0:52:17]} Rfd8 {[%clk 0:54:30]} 19. Kb1 {[%clk 0:49:23]} Ne8
{[%clk 0:50:21]} 20. Nf5 {[%clk 0:40:57]} Nc7 {[%clk 0:48:28]} 21. Nce3 {[%clk
0:38:15]} Bg5 {[%clk 0:43:55]} 22. h4 {[%clk 0:35:31]} Bxe3 {[%clk 0:40:34]}
23. Qxe3 {[%clk 0:34:56]} g6 {[%clk 0:27:05]} 24. Rxd8+ {[%clk 0:19:22]} Rxd8
{[%clk 0:27:25]} 25. Qh6 {[%clk 0:19:22]} Ne8 {[%clk 0:24:28]} 26. h5 {[%clk
0:17:58]} Rd7 {[%clk 0:22:15]} 27. hxg6 {[%clk 0:16:56]} fxg6 {[%clk 0:21:05]}
28. Ne3 {[%clk 0:16:34]} Qf7 {[%clk 0:18:17]} 29. Qh3 {[%clk 0:15:37]} Nc7
{[%clk 0:17:35]} 30. g5 {[%clk 0:14:40]} Ne6 {[%clk 0:10:37]} 31. Qg4 {[%clk
0:10:47]} Nf4 {[%clk 0:08:13]} 32. Qg3 {[%clk 0:09:38]} Kh8 {[%clk 0:02:03]}
33. Ng4 {[%clk 0:08:32]} Qe6 {[%clk 0:02:03]} 34. Qh2 {[%clk 0:05:30]} Qd6
{[%clk 0:01:11]} 35. Kc1 {[%clk 0:04:57]} Qc7 {[%clk 0:00:49]} 36. Nf6 {[%clk
0:04:00]} Rf7 {[%clk 0:01:02]} 37. Rd1 {[%clk 0:01:50]} c4 {[%clk 0:00:52]} 38.
Qd2 {[%clk 0:01:49]} Ne6 {[%clk 0:00:42]} 39. Qxb4 {[%clk 0:00:45]} Nxg5 {[%clk
0:00:55]} 40. Rd7 {[%clk 0:00:39]} Qb6 {[%clk 0:00:45]} 41. Qxb6 {[%clk
0:26:04]} axb6 {[%clk 0:31:08]} 42. Rxf7 {[%clk 0:25:16]} Nxf7 {[%clk 0:31:34]}
43. Kd2 {[%clk 0:25:00]} Kg7 {[%clk 0:30:35]} 44. Nd5 {[%clk 0:24:48]} b5
{[%clk 0:30:25]} 45. Nc3 {[%clk 0:23:03]} Nd6 {[%clk 0:30:37]} 46. Ke3 {[%clk
0:22:47]} g5 {[%clk 0:26:08]} 47. b3 {[%clk 0:20:33]} cxb3 {[%clk 0:24:31]} 48.
cxb3 {[%clk 0:20:35]} Kf7 {[%clk 0:24:25]} 49. a4 {[%clk 0:20:14]} bxa4 {[%clk
0:24:01]} 50. bxa4 {[%clk 0:20:34]} Ke6 {[%clk 0:23:00]} 51. Kf2 {[%clk
0:19:53]} Nc4 {[%clk 0:22:02]} 52. Kg3 {[%clk 0:19:15]} 1/2-1/2

[Event "DVM U20w 2019"]
[Site "Braunschweig GER"]
[Date "2019.12.29"]
[Round "6"]
[White "Schnabel, Luise"]
[Black "Rudolph, Eva"]
[Result "1/2-1/2"]
[Termination "normal"]
[Board "2.2"]
[WhiteElo "1836"]
[BlackElo "1711"]
[WhiteClock "00:12:04"]
[BlackClock "00:22:20"]
[WhiteTeam "TuRa Harksheide von 1945 Norderstedt e.V."]
[BlackTeam "Düsseldorfer Schachklub 14/25 e. V."]
[PlyCount "46"]
[WhiteFideId "12943347"]
[BlackFideId "16200594"]
[EventCountry "GER"]
[EventRounds "7"]
[EventType "team-swiss"]
[EventDate "2019.12.26"]

1. e4 {[%clk 1:30:58]} c5 {[%clk 1:30:53]} 2. Nc3 {[%clk 1:31:16]} Nc6 {[%clk
1:30:02]} 3. g3 {[%clk 1:30:50]} g6 {[%clk 1:29:40]} 4. Bg2 {[%clk 1:30:23]}
Bg7 {[%clk 1:29:15]} 5. d3 {[%clk 1:30:16]} e6 {[%clk 1:27:01]} 6. f4 {[%clk
1:28:30]} Nge7 {[%clk 1:26:01]} 7. Nf3 {[%clk 1:27:49]} O-O {[%clk 1:24:17]} 8.
Be3 {[%clk 1:26:40]} b6 {[%clk 1:23:07]} 9. e5 {[%clk 1:19:12]} d6 {[%clk
1:17:06]} 10. exd6 {[%clk 1:12:59]} Qxd6 {[%clk 1:17:16]} 11. Bf2 {[%clk
1:08:56]} Bb7 {[%clk 1:11:38]} 12. O-O {[%clk 0:59:53]} Rfd8 {[%clk 1:08:55]}
13. Ng5 {[%clk 0:50:55]} Qd7 {[%clk 1:07:28]} 14. Rb1 {[%clk 0:43:23]} Nd5
{[%clk 1:00:07]} 15. Nce4 {[%clk 0:39:41]} Rab8 {[%clk 0:51:52]} 16. Qd2 {[%clk
0:35:13]} Nd4 {[%clk 0:47:12]} 17. c3 {[%clk 0:29:52]} Nc6 {[%clk 0:45:42]} 18.
Nf3 {[%clk 0:26:47]} Nf6 {[%clk 0:44:32]} 19. Nxf6+ {[%clk 0:19:55]} Bxf6
{[%clk 0:45:00]} 20. Rfd1 {[%clk 0:19:50]} Bg7 {[%clk 0:35:41]} 21. Rbc1 {[%clk
0:15:17]} Rbc8 {[%clk 0:32:18]} 22. Qe1 {[%clk 0:12:58]} Qe7 {[%clk 0:30:04]}
23. Rc2 {[%clk 0:12:04]} Rd6 {[%clk 0:22:20]} 1/2-1/2

[Event "DVM U20w 2019"]
[Site "Braunschweig GER"]
[Date "2019.12.29"]
[Round "6"]
[White "Sokolowski, Judith"]
[Black "Sherif, Amina"]
[Result "1-0"]
[Termination "normal"]
[Board "2.3"]
[BlackTitle "WIM"]
[WhiteElo "1722"]
[BlackElo "1945"]
[WhiteTeam "Düsseldorfer Schachklub 14/25 e. V."]
[BlackTeam "TuRa Harksheide von 1945 Norderstedt e.V."]
[PlyCount "45"]
[WhiteFideId "16200624"]
[BlackFideId "12911690"]
[EventCountry "GER"]
[EventRounds "7"]
[EventType "team-swiss"]
[EventDate "2019.12.26"]

1. e4 g6 2. d4 Bg7 3. Nc3 c6 4. Be3 d5 5. e5 f6 6. f4 Nh6 7. Be2 O-O 8. Qd2 Ng4
9. O-O-O fxe5 10. fxe5 Nxe3 11. Qxe3 e6 12. Nf3 Nd7 13. h4 c5 14. dxc5 Qc7 15.
h5 Nxe5 16. hxg6 Nxg6 17. Kb1 Qf4 18. Qd3 Bd7 19. Nxd5 exd5 20. Qxd5+ Qf7 21.
Qxd7 Qf6 22. Bc4+ Kh8 23. Rxh7+ 1-0

[Event "DVM U20w 2019"]
[Site "Braunschweig GER"]
[Date "2019.12.29"]
[Round "6"]
[White "Giede, Anna-Blume"]
[Black "Cerkez, Lorena"]
[Result "1-0"]
[Termination "normal"]
[Board "2.4"]
[WhiteElo "1582"]
[BlackElo "1000"]
[WhiteClock "00:12:35"]
[BlackClock "01:20:18"]
[WhiteTeam "TuRa Harksheide von 1945 Norderstedt e.V."]
[BlackTeam "Düsseldorfer Schachklub 14/25 e. V."]
[PlyCount "122"]
[WhiteFideId "12921980"]
[BlackFideId "14418614"]
[EventCountry "GER"]
[EventRounds "7"]
[EventType "team-swiss"]
[EventDate "2019.12.26"]

1. e4 {[%clk 1:30:59]} e6 {[%clk 1:30:55]} 2. d3 {[%clk 1:31:24]} d5 {[%clk
1:31:18]} 3. Nd2 {[%clk 1:31:48]} h6 {[%clk 1:28:55]} 4. Ngf3 {[%clk 1:30:26]}
Nc6 {[%clk 1:29:14]} 5. g3 {[%clk 1:30:27]} e5 {[%clk 1:29:04]} 6. Bg2 {[%clk
1:25:12]} Nf6 {[%clk 1:29:01]} 7. O-O {[%clk 1:19:58]} Be6 {[%clk 1:23:53]} 8.
Re1 {[%clk 1:16:36]} d4 {[%clk 1:14:20]} 9. Nf1 {[%clk 0:57:59]} Bb4 {[%clk
1:12:19]} 10. Bd2 {[%clk 0:57:43]} Bxd2 {[%clk 1:09:56]} 11. Qxd2 {[%clk
0:58:02]} Qd7 {[%clk 1:09:02]} 12. b4 {[%clk 0:35:02]} a6 {[%clk 1:08:39]} 13.
c4 {[%clk 0:20:01]} Bg4 {[%clk 0:59:34]} 14. b5 {[%clk 0:19:00]} Bxf3 {[%clk
0:59:39]} 15. bxc6 {[%clk 0:19:12]} Qxc6 {[%clk 0:59:58]} 16. Bxf3 {[%clk
0:19:39]} O-O {[%clk 0:59:59]} 17. Qa5 {[%clk 0:18:21]} Rfe8 {[%clk 0:58:51]}
18. Nd2 {[%clk 0:18:17]} b6 {[%clk 0:58:45]} 19. Qa3 {[%clk 0:18:03]} Qe6
{[%clk 0:58:02]} 20. Bg2 {[%clk 0:15:46]} Ng4 {[%clk 0:54:25]} 21. h3 {[%clk
0:13:21]} Nf6 {[%clk 0:54:38]} 22. Qb2 {[%clk 0:09:57]} Rab8 {[%clk 0:54:43]}
23. a4 {[%clk 0:06:31]} a5 {[%clk 0:54:44]} 24. Qc2 {[%clk 0:04:09]} Nd7 {[%clk
0:54:57]} 25. Nb3 {[%clk 0:03:40]} Qe7 {[%clk 0:55:10]} 26. Rec1 {[%clk
0:03:09]} Nc5 {[%clk 0:55:19]} 27. Nxc5 {[%clk 0:03:23]} Qxc5 {[%clk 0:55:42]}
28. Rab1 {[%clk 0:03:06]} c6 {[%clk 0:55:45]} 29. Bf3 {[%clk 0:02:27]} Rb7
{[%clk 0:55:53]} 30. Kg2 {[%clk 0:02:02]} Reb8 {[%clk 0:55:24]} 31. Qd1 {[%clk
0:01:50]} Rc7 {[%clk 0:54:50]} 32. Qd2 {[%clk 0:01:34]} Rcb7 {[%clk 0:54:42]}
33. Bg4 {[%clk 0:01:16]} Qe7 {[%clk 0:54:38]} 34. Rb2 {[%clk 0:00:55]} Qa3
{[%clk 0:53:57]} 35. Bd1 {[%clk 0:01:00]} Qc5 {[%clk 0:53:58]} 36. Rbb1 {[%clk
0:01:04]} Qe7 {[%clk 0:53:34]} 37. Rb2 {[%clk 0:00:46]} Qd6 {[%clk 0:53:38]}
38. Rcb1 {[%clk 0:01:03]} Qc5 {[%clk 0:53:53]} 39. Qc1 {[%clk 0:01:00]} Kf8
{[%clk 0:52:34]} 40. Rb3 {[%clk 0:01:06]} Kg8 {[%clk 0:52:36]} 41. Qa3 {[%clk
0:00:58]} Qxa3 {[%clk 0:52:13]} 42. Rxa3 {[%clk 0:01:25]} Kf8 {[%clk 0:52:26]}
43. Rab3 {[%clk 0:25:26]} c5 {[%clk 1:22:38]} 44. R3b2 {[%clk 0:25:20]} Ke7
{[%clk 1:22:55]} 45. Bg4 {[%clk 0:25:17]} Kd6 {[%clk 1:22:40]} 46. Rf1 {[%clk
0:25:18]} f6 {[%clk 1:22:45]} 47. f4 {[%clk 0:25:34]} Re8 {[%clk 1:22:51]} 48.
Bh5 {[%clk 0:23:47]} Ree7 {[%clk 1:23:07]} 49. Bg6 {[%clk 0:20:26]} Rb8 {[%clk
1:22:54]} 50. h4 {[%clk 0:17:47]} Rbb7 {[%clk 1:23:04]} 51. Rb5 {[%clk
0:14:43]} Kc6 {[%clk 1:23:01]} 52. Bh7 {[%clk 0:12:40]} Rb8 {[%clk 1:22:21]}
53. Rfb1 {[%clk 0:11:31]} Ree8 {[%clk 1:21:55]} 54. Bg6 {[%clk 0:11:10]} Re7
{[%clk 1:22:07]} 55. Rxa5 {[%clk 0:10:36]} bxa5 {[%clk 1:21:36]} 56. Rxb8
{[%clk 0:10:59]} Rb7 {[%clk 1:19:44]} 57. Rxb7 {[%clk 0:11:24]} Kxb7 {[%clk
1:19:54]} 58. fxe5 {[%clk 0:11:32]} fxe5 {[%clk 1:20:11]} 59. Kf3 {[%clk
0:11:48]} Kc6 {[%clk 1:20:31]} 60. Kg4 {[%clk 0:12:09]} Kd6 {[%clk 1:20:55]}
61. Kf5 {[%clk 0:12:35]} Kd5 {[%clk 1:20:18]} 1-0

[Event "DVM U20w 2019"]
[Site "Braunschweig GER"]
[Date "2019.12.29"]
[Round "6"]
[White "Peglau, Mirjam"]
[Black "Ziegenfuß, Antonia"]
[Result "0-1"]
[Termination "normal"]
[Board "3.1"]
[BlackTitle "WFM"]
[WhiteElo "1916"]
[BlackElo "2052"]
[WhiteClock "00:59:50"]
[BlackClock "00:05:13"]
[WhiteTeam "Schachzentrum Seeblick e. V."]
[BlackTeam "OSG Baden-Baden"]
[PlyCount "62"]
[WhiteFideId "16211138"]
[BlackFideId "12962554"]
[EventCountry "GER"]
[EventRounds "7"]
[EventType "team-swiss"]
[EventDate "2019.12.26"]

1. c4 {[%clk 1:30:58]} c5 {[%clk 1:30:51]} 2. Nf3 {[%clk 1:31:23]} Nf6 {[%clk
1:31:04]} 3. d4 {[%clk 1:31:47]} cxd4 {[%clk 1:23:35]} 4. Nxd4 {[%clk 1:32:07]}
Nc6 {[%clk 1:21:54]} 5. Nc3 {[%clk 1:31:51]} d6 {[%clk 1:21:14]} 6. e4 {[%clk
1:32:09]} g6 {[%clk 1:20:15]} 7. Be2 {[%clk 1:32:23]} Bg7 {[%clk 1:20:36]} 8.
Be3 {[%clk 1:32:42]} O-O {[%clk 1:19:33]} 9. O-O {[%clk 1:33:05]} Nd7 {[%clk
1:14:07]} 10. Rc1 {[%clk 1:30:02]} Nc5 {[%clk 1:06:39]} 11. Qd2 {[%clk
1:27:33]} Ne6 {[%clk 0:51:38]} 12. Nc2 {[%clk 1:24:24]} b6 {[%clk 0:44:09]} 13.
b3 {[%clk 1:23:52]} Bb7 {[%clk 0:43:48]} 14. Nd5 {[%clk 1:23:41]} Nc5 {[%clk
0:38:10]} 15. f3 {[%clk 1:23:22]} e6 {[%clk 0:27:45]} 16. Nc3 {[%clk 1:21:45]}
Be5 {[%clk 0:25:18]} 17. Rfd1 {[%clk 1:17:57]} Qh4 {[%clk 0:21:10]} 18. g3
{[%clk 1:16:10]} Bxg3 {[%clk 0:19:46]} 19. hxg3 {[%clk 1:16:31]} Qxg3+ {[%clk
0:20:13]} 20. Kf1 {[%clk 1:16:23]} Qh3+ {[%clk 0:18:23]} 21. Kf2 {[%clk
1:15:12]} Qh2+ {[%clk 0:18:37]} 22. Ke1 {[%clk 1:14:24]} Ne5 {[%clk 0:17:49]}
23. Nd4 {[%clk 1:08:00]} Qh1+ {[%clk 0:09:13]} 24. Kf2 {[%clk 1:08:08]} Qh2+
{[%clk 0:09:37]} 25. Ke1 {[%clk 1:07:38]} Bxe4 {[%clk 0:04:00]} 26. Nxe4 {[%clk
1:05:17]} Qh1+ {[%clk 0:03:33]} 27. Kf2 {[%clk 1:03:55]} Ng4+ {[%clk 0:03:51]}
28. Kg3 {[%clk 1:00:02]} Qh2+ {[%clk 0:04:09]} 29. Kxg4 {[%clk 1:00:23]} f5+
{[%clk 0:04:26]} 30. Kg5 {[%clk 0:59:30]} Qh5+ {[%clk 0:04:49]} 31. Kf4 {[%clk
0:59:50]} Qh4# {[%clk 0:05:13]} 0-1

[Event "DVM U20w 2019"]
[Site "Braunschweig GER"]
[Date "2019.12.29"]
[Round "6"]
[White "Pavlov, Liliane"]
[Black "Fock, Amina"]
[Result "1-0"]
[Termination "normal"]
[Board "5.2"]
[WhiteElo "1623"]
[BlackElo "1807"]
[WhiteClock "00:28:56"]
[BlackClock "00:14:37"]
[WhiteTeam "SC Bavaria Regensburg von 1881 e.V."]
[BlackTeam "SK Nordhorn-Blanke"]
[PlyCount "69"]
[WhiteFideId "16225449"]
[BlackFideId "12981982"]
[EventCountry "GER"]
[EventRounds "7"]
[EventType "team-swiss"]
[EventDate "2019.12.26"]

1. d4 {[%clk 1:30:58]} Nf6 {[%clk 1:30:54]} 2. c4 {[%clk 1:31:20]} e6 {[%clk
1:31:18]} 3. Nf3 {[%clk 1:31:44]} Bb4+ {[%clk 1:31:35]} 4. Bd2 {[%clk 1:31:15]}
a5 {[%clk 1:31:52]} 5. a3 {[%clk 1:31:00]} Be7 {[%clk 1:28:20]} 6. Nc3 {[%clk
1:30:58]} d5 {[%clk 1:26:49]} 7. g3 {[%clk 1:30:56]} b6 {[%clk 1:24:56]} 8. Bg2
{[%clk 1:29:10]} Bb7 {[%clk 1:24:25]} 9. b3 {[%clk 1:27:07]} Nbd7 {[%clk
1:23:57]} 10. O-O {[%clk 1:25:51]} Ne4 {[%clk 1:18:24]} 11. Nxe4 {[%clk
1:20:46]} dxe4 {[%clk 1:18:46]} 12. Ne1 {[%clk 1:20:54]} e5 {[%clk 1:16:28]}
13. e3 {[%clk 1:17:41]} exd4 {[%clk 1:14:25]} 14. exd4 {[%clk 1:17:33]} Bf6
{[%clk 1:14:35]} 15. Be3 {[%clk 1:16:36]} c5 {[%clk 1:10:23]} 16. Nc2 {[%clk
1:12:51]} cxd4 {[%clk 1:08:41]} 17. Bxd4 {[%clk 1:10:31]} Nc5 {[%clk 1:07:19]}
18. Bxf6 {[%clk 1:09:08]} Qxf6 {[%clk 1:07:29]} 19. b4 {[%clk 1:09:04]} Nb3
{[%clk 1:06:44]} 20. Ra2 {[%clk 1:06:36]} Rd8 {[%clk 1:03:41]} 21. Qh5 {[%clk
1:01:12]} Rd2 {[%clk 1:00:25]} 22. Qb5+ {[%clk 0:54:10]} Ke7 {[%clk 0:52:35]}
23. bxa5 {[%clk 0:52:55]} Nxa5 {[%clk 0:48:57]} 24. Qb4+ {[%clk 0:51:24]} Rd6
{[%clk 0:45:46]} 25. c5 {[%clk 0:50:19]} bxc5 {[%clk 0:44:22]} 26. Qxa5 {[%clk
0:49:43]} Rc8 {[%clk 0:38:20]} 27. Ne3 {[%clk 0:45:39]} Qe6 {[%clk 0:36:37]}
28. Rc2 {[%clk 0:44:39]} Ba6 {[%clk 0:34:03]} 29. Re1 {[%clk 0:44:31]} Bd3
{[%clk 0:25:04]} 30. Rxc5 {[%clk 0:42:22]} Rxc5 {[%clk 0:23:10]} 31. Qxc5
{[%clk 0:42:39]} g6 {[%clk 0:22:16]} 32. a4 {[%clk 0:40:03]} Qa2 {[%clk
0:19:44]} 33. a5 {[%clk 0:38:44]} Kd7 {[%clk 0:17:03]} 34. Rc1 {[%clk 0:35:06]}
Qa4 {[%clk 0:14:37]} 35. Nd5 {[%clk 0:28:56]} 1-0

[Event "DVM U20w 2019"]
[Site "Braunschweig GER"]
[Date "2019.12.29"]
[Round "6"]
[White "Meijerink, Inken"]
[Black "Oberhofer, Marie"]
[Result "0-1"]
[Termination "normal"]
[Board "5.3"]
[WhiteElo "1743"]
[BlackElo "1700"]
[WhiteClock "00:32:53"]
[BlackClock "00:14:29"]
[WhiteTeam "SK Nordhorn-Blanke"]
[BlackTeam "SC Bavaria Regensburg von 1881 e.V."]
[PlyCount "58"]
[WhiteFideId "16225465"]
[BlackFideId "12938165"]
[EventCountry "GER"]
[EventRounds "7"]
[EventType "team-swiss"]
[EventDate "2019.12.26"]

1. e4 {[%clk 1:30:53]} c5 {[%clk 1:30:52]} 2. Nf3 {[%clk 1:31:14]} d6 {[%clk
1:31:16]} 3. d4 {[%clk 1:31:17]} cxd4 {[%clk 1:31:38]} 4. Nxd4 {[%clk 1:31:41]}
Nf6 {[%clk 1:31:53]} 5. Nc3 {[%clk 1:32:01]} g6 {[%clk 1:32:14]} 6. f3 {[%clk
1:32:05]} Bg7 {[%clk 1:32:38]} 7. Be3 {[%clk 1:32:25]} O-O {[%clk 1:33:00]} 8.
Qd2 {[%clk 1:32:43]} Nc6 {[%clk 1:33:25]} 9. g4 {[%clk 1:32:59]} Bd7 {[%clk
1:21:51]} 10. h4 {[%clk 1:33:10]} h5 {[%clk 1:21:47]} 11. gxh5 {[%clk 1:32:50]}
Nxh5 {[%clk 1:22:09]} 12. Nce2 {[%clk 1:31:05]} Rc8 {[%clk 1:18:25]} 13. c3
{[%clk 1:29:07]} Ne5 {[%clk 1:16:47]} 14. Nf4 {[%clk 1:28:08]} Ng3 {[%clk
1:12:47]} 15. Qh2 {[%clk 1:20:28]} Nxf1 {[%clk 1:08:40]} 16. Kxf1 {[%clk
1:16:58]} Ng4 {[%clk 0:49:13]} 17. fxg4 {[%clk 1:13:50]} e5 {[%clk 0:49:12]}
18. h5 {[%clk 1:10:34]} exf4 {[%clk 0:46:47]} 19. Bxf4 {[%clk 1:09:38]} g5
{[%clk 0:35:42]} 20. Bxd6 {[%clk 1:02:57]} Bxd4 {[%clk 0:29:27]} 21. cxd4
{[%clk 1:01:25]} Qf6+ {[%clk 0:29:23]} 22. Qf2 {[%clk 0:42:32]} Qxd6 {[%clk
0:29:07]} 23. h6 {[%clk 0:42:49]} Kh7 {[%clk 0:26:02]} 24. b3 {[%clk 0:37:41]}
Bxg4 {[%clk 0:21:39]} 25. Rg1 {[%clk 0:37:00]} Qe6 {[%clk 0:18:19]} 26. e5
{[%clk 0:35:47]} f6 {[%clk 0:15:12]} 27. Qg3 {[%clk 0:32:36]} fxe5+ {[%clk
0:14:45]} 28. Kg2 {[%clk 0:32:32]} Rc2+ {[%clk 0:14:15]} 29. Kh1 {[%clk
0:32:53]} Qxh6+ {[%clk 0:14:29]} 0-1

[Event "DVM U20w 2019"]
[Site "Braunschweig GER"]
[Date "2019.12.29"]
[Round "6"]
[White "Prölß, Clara"]
[Black "Hallfarth, Luise"]
[Result "0-1"]
[Termination "normal"]
[Board "5.4"]
[WhiteElo "1000"]
[BlackElo "1517"]
[WhiteClock "00:16:43"]
[BlackClock "01:14:27"]
[WhiteTeam "SC Bavaria Regensburg von 1881 e.V."]
[BlackTeam "SK Nordhorn-Blanke"]
[PlyCount "52"]
[WhiteFideId "16296788"]
[BlackFideId "16250222"]
[EventCountry "GER"]
[EventRounds "7"]
[EventType "team-swiss"]
[EventDate "2019.12.26"]

1. e4 {[%clk 1:30:58]} c5 {[%clk 1:30:51]} 2. Nf3 {[%clk 1:31:14]} Nc6 {[%clk
1:31:10]} 3. d4 {[%clk 1:30:55]} cxd4 {[%clk 1:31:34]} 4. Nxd4 {[%clk 1:31:12]}
g6 {[%clk 1:32:00]} 5. Bc4 {[%clk 1:28:21]} Bg7 {[%clk 1:32:21]} 6. Nxc6 {[%clk
1:27:07]} bxc6 {[%clk 1:32:34]} 7. O-O {[%clk 1:25:21]} Nf6 {[%clk 1:32:34]} 8.
Nc3 {[%clk 1:19:25]} d6 {[%clk 1:31:05]} 9. Be3 {[%clk 1:16:20]} O-O {[%clk
1:31:00]} 10. f3 {[%clk 1:13:33]} Bb7 {[%clk 1:27:58]} 11. Bb3 {[%clk 1:10:01]}
d5 {[%clk 1:27:55]} 12. Qd2 {[%clk 0:58:07]} e5 {[%clk 1:26:47]} 13. Bh6 {[%clk
0:54:39]} Qb6+ {[%clk 1:25:56]} 14. Kh1 {[%clk 0:53:07]} Rfd8 {[%clk 1:26:04]}
15. Qg5 {[%clk 0:49:08]} Qc7 {[%clk 1:24:13]} 16. Bxg7 {[%clk 0:47:40]} Kxg7
{[%clk 1:24:26]} 17. Rfe1 {[%clk 0:42:26]} h6 {[%clk 1:22:05]} 18. Qh4 {[%clk
0:38:36]} d4 {[%clk 1:21:29]} 19. Na4 {[%clk 0:37:33]} c5 {[%clk 1:21:13]} 20.
Rad1 {[%clk 0:32:37]} c4 {[%clk 1:20:53]} 21. g4 {[%clk 0:26:09]} cxb3 {[%clk
1:20:26]} 22. axb3 {[%clk 0:25:37]} Ba6 {[%clk 1:16:45]} 23. g5 {[%clk
0:25:08]} hxg5 {[%clk 1:16:56]} 24. Qxg5 {[%clk 0:25:23]} Rh8 {[%clk 1:16:51]}
25. Rg1 {[%clk 0:23:16]} Be2 {[%clk 1:15:08]} 26. Rde1 {[%clk 0:16:43]} Bxf3+
{[%clk 1:14:27]} 0-1